| 000 | 01113cam a2200301 i 4500 | ||
|---|---|---|---|
| 001 | 16809 | ||
| 003 | DO-SdUEMH | ||
| 005 | 20260205150327.0 | ||
| 007 | ta | ||
| 008 | 211105s2003 waua|||gr|||| 000 0 spa|d | ||
| 020 | _a9275322910 | ||
| 040 |
_aDO-SdUEMH _bspa _erda |
||
| 041 |
_aspa _heng |
||
| 082 | 1 | 4 |
_mCG _a363.967 _bA398 |
| 084 | _b08-00702 | ||
| 110 | _aOrganización Panamericana de la Salud (OPS) | ||
| 245 | 1 | 0 | _aAlianzas para mejorar la salud en las Américas / |
| 260 | _c2003 | ||
| 264 | 0 | 1 |
_aWashington, D. C. : _bOrganización Mundial de la Salud, _c2003 |
| 300 |
_ax, 114 páginas : _bilustraciones ; _c28 cm. |
||
| 336 |
_2rdacontent _atexto _btxt |
||
| 337 |
_2rdamedia _asin mediación _bn |
||
| 338 |
_2rdacarrier _avolumen _bnc |
||
| 490 |
_aOrganización Panamericana de la Salud. Publicación Ocasional ; _v11 |
||
| 505 | 2 | _aTendencias globales en ayuda al desarrollo para la salud -- Vocación de la OPS en pro de la salud en las Américas -- Alianzas estratégicas -- Fomento de las alianzas exitosas -- El plan estratégico para 2003–2007 | |
| 942 |
_2ddc _cBK _n0 |
||
| 999 |
_c16809 _d16809 |
||